000 00687nam a2200241Ia 4500
003 OSt
005 20220923225631.0
006 a|||||r|||| 00| 0
007 ta
008 Pun
024 _a272,941
037 _cTextual
040 _aARTS
_cARTS
_bPun
041 _2Pun
_aPun
082 _aO153m2'N5, J6;K7
100 _aਸਿੰਘ, ਪ੍ਰੀਤਮ
_9156291
245 0 _aਆਲੋਚਨਾ
260 _aਲੁਧਿਆਣਾ
_b ਪੰਜਾਬੀ ਅਕਾਦਮੀ
_c1966
300 _a148ਪੰ
_ccm.
650 _aਪੰਜਾਬੀ ਸਾਹਿਤ
942 _hO153m2'N5, J6;K7
_cTEXL
_2CC
999 _c379582
_d379582